00389nam a22001577a 450000500170000000800410001702000260005804000090008404100120009308200160010510000160012124500360013726000250017330000080019865000250020620260204131522.0260204b |||||||| |||| 00| 0 eng d a9789388902939c750.00 aMAIN aEnglish a363.74bPOL aPolak, K.J. aNoise pollution and its control aNew DelhibCBSc2019 a557 aEnvironment Science